Úloha internetu v sociologickom výskume a jeho dosah na validitu dát
Nové technológie a ich „vstup“ do sociologického výskumu. Validita ako kritérium kvality sociologického výskumu. Chápanie validity v kvalitatívnom výskume. Internet a otázky jeho využitia v sociologickom (on line) výskume. Internet ako prostriedok zberu dát. Internet ako analytický prostriedok. Inte...
Enregistré dans:
| Auteur principal: | |
|---|---|
| Format: | Chapitre de livre |
| Langue: | slovaque |
| Sujets: | |
| Tags: |
Pas de tags, Soyez le premier à ajouter un tag!
|
MARC
| LEADER | 00000naa a2200000 4500 | ||
|---|---|---|---|
| 001 | 0248628 | ||
| 005 | 20181106100304.8 | ||
| 041 | 0 | |a slo | |
| 044 | |a SK | ||
| 245 | 1 | 0 | |a Úloha internetu v sociologickom výskume a jeho dosah na validitu dát |c Viera Štefancová |
| 520 | |a Nové technológie a ich „vstup“ do sociologického výskumu. Validita ako kritérium kvality sociologického výskumu. Chápanie validity v kvalitatívnom výskume. Internet a otázky jeho využitia v sociologickom (on line) výskume. Internet ako prostriedok zberu dát. Internet ako analytický prostriedok. Internet ako generátor sociálnych komunikačných situácií. | ||
| 610 | 2 | 0 | |a sociológia |
| 610 | 2 | 0 | |a internet |
| 610 | 2 | 0 | |a spracovanie dát |
| 610 | 2 | 0 | |a výskum kvantitatívny |
| 610 | 2 | 0 | |a informácie |
| 100 | 1 | |a Štefancová, Viera | |